Personnages Disney/Pixar en images - H - Statistiques

Statistiques générales
  • Ce quiz a été pris 560 fois
  • Le résultat moyen est 6 sur 20
Statistiques - réponses
Par images Réponse % Correct
Hercule
96%
Hans
88%
Hector
61%
Hei Hei
58%
Hermes
52%
Helen Parr
43%
Hiro Hamada
33%
Hudson Hornet
32%
Hank
31%
Horace
25%
Roi Hubert
21%
Henry
18%
Hannah Phillips
14%
Honey Lemon
10%
Heimlich
9%
Helga Sinclair
8%
Holley Shiftwell
5%
Hathi Junior
3%
Hiram Flaversham
3%
Horst
3%
Aucun quiz correspondant
Distribution des résultats
% des personnes avec chaque résultat
Percentile par nombre de réponses
Votre historique - résultats
Vous n’avez pas pris ce quiz